| 000 | 00576nam a22001937a 4500 | ||
|---|---|---|---|
| 003 | KOHA_MİRAKIL | ||
| 005 | 20260421100005.0 | ||
| 008 | 260421b tu ||||| |||| 00| 0 tur d | ||
| 020 | _a9786257478014 | ||
| 040 |
_aTR-AnABB _btur _cTR-AnABB |
||
| 041 | _atur | ||
| 082 | _bAYG 2021 | ||
| 100 | 1 | _aAygen, Dilaver | |
| 245 | 1 | 0 |
_aKor ateşler beni yakamaz gayrı / _cDilaver Aygen |
| 260 |
_aAnkara : _bgece kitaplığı, _c2021 |
||
| 300 |
_a344 sayfa ; _c20 cm |
||
| 500 | _aYazar tarafından Prof. Dr. Ruşen Keleş için imzalanmışıtır. | ||
| 942 |
_2ddc _cBK |
||
| 999 |
_c10320 _d10320 |
||
| 900 | _bCem ÖZOGLU | ||